Tekst ''Siema'' - Statystyki

Ogólne statystyki
  • Ten quiz został rozwiązany 75 razy
  • Średni wynik to 59 z 225
Statystyki odpowiedzi
Tekst % Poprawnych
się
97%
ma
86%
ma,
86%
Siema,
84%
siema,
84%
a
66%
w
56%
i
55%
z
47%
na
38%
Nie
38%
nie
38%
ta
38%
za
34%
bo
30%
co
30%
ból
23%
mam
23%
ściema,
23%
ściema
23%
boli
22%
do
22%
głowa.
22%
łazience,
22%
mnie
22%
Nasz'',
22%
''Ojcze
22%
to,
22%
to
22%
twarz.
22%
bolą
20%
był
20%
był.
20%
już
20%
nogi.
20%
ręce.
20%
rzeczy
20%
sił?
20%
wody
20%
zakręcę
20%
miłego
19%
podłogi,
19%
potwornie
19%
powiem
19%
pozbieram
19%
słowa,
19%
go
17%
kochanie,
17%
siły
17%
tak
17%
ty
16%
gdy
14%
wielki
14%
Ale,
13%
ale,
13%
ale
13%
dziś
13%
ekranie,
13%
kiedy
13%
pojawia
13%
taki
13%
bierze
11%
ręka
11%
skąd
11%
trema,
11%
ze
11%
bądź
9%
coś
9%
czasu
9%
Czemu
9%
doładowanie.
9%
dostaję
9%
Halo,
9%
halo,
9%
leniuszka,
9%
nagły
9%
Tato,
9%
tato,
9%
turbo
9%
buzia
8%
daleko
8%
kłamczuszka,
8%
kościoła?
8%
łóżka.
8%
lub
8%
mną
8%
szczery!
8%
chcą
6%
mamy
6%
między
6%
nami!
6%
nigdy
6%
rowery?
6%
ściemnia
6%
ściemnia,
6%
takie
6%
wołam?
6%
zmęczone,
6%
Niech
5%
niech
5%
oknami,
5%
ściemy,
5%
słabo
5%
słychać,
5%
tremy
5%
zawrót
2%
Nie znaleziono quizów pasujących do podanych kryteriów
Rozkład punktacji
Procent ludzi z każdym wynikiem
Percentyl według liczby udzielonych odpowiedzi
Twoja historia wyników
Nie rozwiązałeś tego quizu